La regulación pesquera a través de la historia: La génesis de un colapso

Saved in:
Bibliografiske detaljer
Hovedforfatter: Soto, Elizabeth (autora)
Andre forfattere: Paredes, Christian (autor)
Format: Bog
Sprog:engelsk
Udgivet: Santiago, Chile. Fundación Terram, 2018
Udgivelse:1a.edición
Fag:
Online adgang:Disponible Online
Tags: Tilføj Tag
Ingen Tags, Vær først til at tagge denne postø!

MARC

LEADER 00000nam a22000007a 4500
003 CL-VaPUC
005 20211210134839.0
008 211005b2018 ||||| |||| 00| 0 eng d
999 |c 433608  |d 433606 
040 |c Pontificia Universidad Católica de Valparaíso 
082 0 4 |2 21  |a 343.07692 SOT 2018 
100 1 |a Soto, Elizabeth  |9 863193  |e autora 
245 1 3 |a La regulación pesquera a través de la historia:  |b  La génesis de un colapso 
250 |a 1a.edición  
260 |a Santiago, Chile.  |b Fundación Terram,   |c 2018 
300 |a 78 páginas  
500 |a Donación Fundación Terram 26-2-2021 
583 |c 20211005  |k Cristina María Rojas Aguilar 
650 1 |a Regulación pesquera  |x Historia de Chile  |9 863677 
650 1 |a Industria pesquera  |x Legislación  |9 863678  |z Chile 
650 1 |a Pesca  |x Derecho industrial  |9 863679  |z Chile 
700 |a Paredes, Christian  |9 863194  |e autor 
856 |u https://www.terram.cl/descargar/recursos_naturales/pesca/rpp_-_reporte_de_politicas_publicas/RPP-26-La-regulacion-pesquera-a-traves-de-la-historia-la-genesis-de-un-colapso.pdf  |y Disponible Online 
942 |2 ddc  |c BK 
952 |0 0  |1 0  |2 ddc  |4 0  |6 343_076920000000000_SOT_2018  |7 0  |8 CCM  |9 578930  |a BIBCUR  |b BIBCUR  |d 2021-10-05  |i 5624436  |o 343.07692 SOT 2018  |p 5624436  |r 2025-04-22  |t 1  |w 2021-10-05  |y BK  |k CIM